• 首页
  • 本馆介绍
  • 公告通知
  • 最新文献
  • 馆藏检索
  • 电子资源
  • 读者导购
  • 参考咨询
  • 我的图书馆
  • 登录
  • 详细信息显示
  • 放入我的书架
  • 预约/预借图书
  • 作者相关作品
  • 分类相关作品
  • 丛书相关作品
  • 出版社相关作品

书目信息

  • 表格格式
  • 工作单格式
  • 卡片格式
题名:
心灵鸡汤
    
 
作者: 沃尔夫 著 ;鄢爱华 , 张弘 编译
分册:   成功之门的钥匙
出版信息: 呼和浩特   远方出版社  2004
页数: 11,303页
开本: 20cm
丛书名: 励志文库
单 册:
中图分类: I712.6
科图分类:
主题词: 散文--作品集--美国--现代
电子资源:
ISBN: 7-80595-905-6
000 01054oam2 2200289 45
001 060000008800
005 20051017153043.29
010    @a7-80595-905-6@dCNY400.00(全十六册)
100    @a20040923d2004 ekmy0chiy0120 ea
101 1  @achi@ceng
102    @aCN@b150000
105    @ay z 000yy
200 1  @a心灵鸡汤@9xin ling ji tang@i成功之门的钥匙@f(美)托马斯·沃尔夫等著@F(mei)tuo ma si·wo er fu deng zhu@g鄢爱华,张弘编译
210    @a呼和浩特@c远方出版社@d2004
215    @a11,303页@d20cm
225 2  @a励志文库
300    @a73个开启心智的成功故事
330    @a本书内含73个开启心智的成功故事。分为“自信是成功之门的钥匙”、“行动是成功的基础”、“光荣的荆棘路”、“梦想的勇气”、“走向社会”等七个专题。
461  1 @12001 @a励志文库
517 1  @a成功之门的钥匙@9cheng gong zhi men de yao shi
606 0  @a散文@x作品集@y美国@z现代
690    @aI712.6@v4
701  0 @a沃尔夫@Awo er fu@4著
702  0 @a鄢爱华@9yan ai hua@4编译
702  0 @a张弘@9zhang hong@4编译
801  0 @aCN@bTSSF@c20051017
905    @a10447@dI712.6@e401:3
    
    心灵鸡汤.成功之门的钥匙/(美)托马斯·沃尔夫等著/鄢爱华,张弘编译 .-呼和浩特:远方出版社,2004
    11,303页;20cm.-(励志文库 )
    73个开启心智的成功故事
    
    ISBN 7-80595-905-6:CNY400.00(全十六册)
    本书内含73个开启心智的成功故事。分为“自信是成功之门的钥匙”、“行动是成功的基础”、“光荣的荆棘路”、“梦想的勇气”、“走向社会”等七个专题。
●
相关链接 在E读中查询图书 在五车中查询图书 在当当中查询图书 在豆瓣中查询图书


正题名:心灵鸡汤     索取号:I712.6/401:3         预约/预借

序号 登录号 条形码 馆藏地/架位号 状态 备注
1 0366556   3665563   第一样本阅览室/ [索取号:I712.6/401:3] 在馆    
2 0366557   3665572   第二借阅区/ [索取号:I712.6/401:3] 在馆    
3 0366558   3665581   第二借阅区/ [索取号:I712.6/401:3] 在馆    
4 0366559   3665590   第二借阅区/ [索取号:I712.6/401:3] 在馆    
5 0366560   3665607   第二借阅区/ [索取号:I712.6/401:3] 在馆    
唐山师范学院图书馆 欢迎您!
大连网信软件有限公司© 版权所有